000 00582nam a2200205Ia 4500
999 _c31183
_d31183
001 31061
003 PK-LaUMT
005 20220902154226.0
008 140416s9999 xx 000 0 und d
040 _cPK-LaUMT
082 _aW 297.19785
_bHAW-R
100 _aEl-Hawary, Dahlia
245 _aRegulating islamic financial institutions
_bthe nature of the regulated
_cEl-Hawary, Dahlia<>Wafik Grais<>Zamir Iqbal
260 _aWashington,USA:
_bWorld Bank,
_c2004
300 _a48 p.
546 _aEN
700 _aWafik Grais
700 _aZamir Iqbal
942 _cWEEDED OUT
_2ddc